Enological chemistry

Saved in:
Bibliographic Details
Main Authors: Moreno Vigara, Juan José (Author), Peinado Amores, Rafael Andrés (Author)
Format: Book
Language:English
Published: London, United Kingdom: Elsevier, 2012.
Subjects:
Tags: Add Tag
No Tags, Be the first to tag this record!

MARC

LEADER 00000cam a2200000 a 4500
001 UCC5146
003 CL-VaPUC
005 20230913171050.0
008 180927e20120000uk |||||||||||||||||eng|d
999 |c 372421  |d 372419 
020 |a 9780123884381 
040 |c Pontificia Universidad Católica de Valparaíso 
082 0 4 |a 663.2 MOR 2012  |2 21 
100 |a Moreno Vigara, Juan José  |e author  |9 599396 
245 1 0 |a Enological chemistry 
260 |a London, United Kingdom:   |b Elsevier,  |c 2012. 
300 |a 429 páginas.  
583 |a last modification  |c 20180927 22:58:00  |k Rodrigo Vera 
650 0 |a Enología  |9 347465 
650 7 |a BEBIDAS ALCOHOLICAS  |2 CL-VaPUC  |9 257200 
650 0 |a Vino  |9 347466 
700 0 |a Peinado Amores, Rafael Andrés  |e author  |9 599397 
942 |c BK  |2 ddc 
945 |d 20180927 22:58:00  |a dcastane 
952 |0 0  |1 0  |3 erd  |4 0  |6 663_200000000000000_MOR_2012  |7 0  |8 A  |9 490075  |a BIBAGR  |b BIBAGR  |i 5502071  |l 7  |o 663.2 MOR 2012  |p 5502071  |r 2025-01-20  |s 2024-08-09  |w 2019-11-24  |y BK  |z Catalogado en:20180927  |k AGR